Codi de Règim Local 1987 : legislació sobre règim local vigent a Catalunya legislació sobre règim local vigent a Catalunya
Publicado:
Barcelona :
Federació de Municipis de Catalunya. Servei d'Informació, Documentació i Publicacions : amb la col·laboració de la Diputació de Barcelona ,
1987
Descripción Física:
331 p. ; 30 cm
Colección:
Quaderns municipals ; 5
MARC
| LEADER | 00000nam a2200000Ia 4500 | ||
|---|---|---|---|
| 001 | 6681 | ||
| 003 | BGR | ||
| 005 | 20260324175735.0 | ||
| 008 | 160829s1987 xx 000 0 cat d | ||
| 080 | |a D-1-6 | ||
| 245 | |a Codi de Règim Local 1987 : |b legislació sobre règim local vigent a Catalunya | ||
| 260 | |a Barcelona : |b Federació de Municipis de Catalunya. Servei d'Informació, Documentació i Publicacions : |b amb la col·laboració de la Diputació de Barcelona, |c 1987 | ||
| 300 | |a 331 p. ; |c 30 cm | ||
| 490 | |a Quaderns municipals ; 5 | ||
| 650 | |a Catalunya. Lleis, decrets, etc. |9 30462 | ||
| 650 | 0 | |a Administració local |x Dret i legislació |9 31521 | |
| 650 | |a Espanya. Lleis, decrets, etc. |9 31465 | ||
| 710 | 1 | |a Barcelona (Catalunya : Província). |b Diputació |9 52408 | |
| 710 | |a Federació de Municipis de Catalunya |b Servei d'Informació, Documentació i Publicacions |9 52168 | ||
| 901 | |a Arxiu | ||
| 942 | |n 1 |2 udc |c MON | ||
| 952 | |0 0 |1 0 |4 0 |6 D16 |7 1 |9 49138 |a Arxiu |b Arxiu |d 2016-12-01 |l 0 |o D-1-6 |p 6681 |r 2016-12-01 00:00:00 |w 2016-12-01 |y ARXIU | ||
| 999 | |c 52977 |d 52977 | ||